000 00491nam a2200181Ia 4500
999 _c1451
_d1451
003 OSt
005 20201001153153.0
008 190216s9999||||xx |||||||||||||| ||und||
020 _a8120408039
040 _coclc
082 _a561.13
_bSAX/P
100 _aSaxena, M R
_95295
245 0 _aPalynology /
_cM R Saxena
260 _bOxford & I B H Publishing,
_c1993.
_aNew Delhi:
300 _a127p
650 _aBotany
942 _cBK
_2ddc
_h561.13
_iSAX/P
_k561.13
_mSAX/P